Normal view
MARC view
- नवसागर, सु. भा
Entry Personal Name
001 - CONTROL NUMBER
- control field: 78486
003 - CONTROL NUMBER IDENTIFIER
- control field: OSt
005 - DATE AND TIME OF LATEST TRANSACTION
- control field: 20220806113612.0
008 - FIXED-LENGTH DATA ELEMENTS
- fixed length control field: 220806|| aca||aabn | a|a d
040 ## - CATALOGING SOURCE
- Original cataloging agency: OSt
- Transcribing agency: OSt
100 ## - HEADING--PERSONAL NAME
- Personal name: नवसागर, सु. भा
670 ## - SOURCE DATA FOUND
- Source citation: Work cat.: (OSt)43486: नवसागर, सु. भा., बौद्ध तत्वज्ञान आणि महात्मा जोतीराव फुले, 2017